00702nam a2200157 a 450000500170000000800410001705000220005810000180008024501670009825000210026526000350028665000540032165000500037599900190042595201000044420140414131852.0100806s19uu xx 00 eng d aM 646.7bJ38 2008 aJeffrie,Sally aThe girl's book of glamour :ba guide to being a goddess /cwritten by Sally Jeffrie ; illustrated by Nellie Ryan; edited by Liz Scoggins; designed by Zoe Quayle. a1st American ed. aNew York :bScholastic,c2008. aPreteensxLife skills guidesxJuvenile literature aGirlsxLife skills guidexJuvenile literature c110269d110269 001040aMUbMUcMd2010-08-06l0oM 646.7 J38 2008pM0610r2014-04-14 00:00:00w2014-04-14yBK